000
00407nam a2200145Ia 4500
008
100122s9999 xx 000 0 und d
082
_b
47656
_a
823.08
100
_a
भावे पु भा
245
_a
कथामंथन
260
_b
नवचैतन्य प्रकाशन
_c
1992
300
_a
214
630
_a
कथामंथन
730
_a
कथामंथन
942
_c
BOOK
999
_c
426430
_d
426427